00613nam a2200193Ia 4500008004100000020001500041041000800056082001700064100004200081245002300123250000600146260004300152300001200195365001100207650001700218906001700235999001900252952014800271210719s1987 xx 000 0 und d a8121401399 aeng a346.065 MAHB aMAHESHWARI (R P) and MAHESHWARI (S N) aBusiness law. Ed.8 a8 aDelhibNational publishing housec1987 a412bPB b22cRs aBusiness Law aBusiness law c212282d212282 001040708LawaALbALd1995-01-31eHigginbothams (P) Ltd., Mangalore-01.g22.00l0o346.065 MAHBpD00309r2021-07-19 00:00:00w2021-07-19yDB